La Alienación como fenómeno social . La Alienación como realidad en los países capitalistas y en los de socialismo real /

Kaydedildi:
Detaylı Bibliyografya
Yazar: Schaff, Adam
Diğer Yazarlar: Venegas, Alejandro trad
Materyal Türü: Metin
Baskı/Yayın Bilgisi: Barcelona: Grijalbo
Etiketler: Etiketle
Etiket eklenmemiş, İlk siz ekleyin!

MARC

LEADER 00000 a a2200000 04500
001 25736
003
040
090 |a 173600  
100 |a Schaff, Adam  
245 |a La Alienación como fenómeno social . La Alienación como realidad en los países capitalistas y en los de socialismo real /  |c Adam Schaff 
260 |a Barcelona:   |b Grijalbo  
300 |a 366 p  
700 |a Venegas, Alejandro   |a trad  
999 |c 8623  |d 8623